000 00679nam a2200229 a 4500
001 BRCA_5888
005 20190320205243.0
008 170311t1924----gw-b######---#000-0#ger-#
041 _ager
044 _agw
050 4 _aDG429
_b.I817
_c1924
245 1 0 _aItalien I: Oberitalien und Florenz Pisa, Ancona, Triest, Pola.
250 _a7a. ed.
260 _aBerlin
_bG. Reisefuhrern.
_c1924-1925
300 _a315 p.
_bil., maps.
_c16 cm.
440 0 _aGriebens Reisefuhrer.
_v80a.
_914890
500 _aInicio de la publicación: 1924;índice alfabético; mapa de Italia.
500 _aH129
651 4 _aItalia
_xGuía de viajeros.
_914891
902 _aGFM
942 _2lcc
_cB
999 _c5577
_d5577